Intégration de tous les jeunes dans la société par l'éductaion et la formation

Đã lưu trong:
Chi tiết về thư mục
Định dạng: Sách
Ngôn ngữ:Tiếng Pháp
Được phát hành: Luxemburgo Communautés Européennes 2000
Những chủ đề:
Các nhãn: Thêm thẻ
Không có thẻ, Là người đầu tiên thẻ bản ghi này!

MARC

LEADER 00000nam a2200000 a 4500
001 UCN7787
003 CL-VaPUC
005 20210407001224.0
008 011026e20000000lu 1 fre d
082 0 4 |a 306.43  |b INT  |2 21 
245 1 0 |a Intégration de tous les jeunes dans la société par l'éductaion et la formation 
260 |a Luxemburgo  |b Communautés Européennes  |c 2000 
300 |a 2 v 
505 0 0 |a v.1: actes de la conférence 
505 0 0 |a v.2: compendium des projets 
583 |a last modification  |c 20171005 03:12:36  |k Rodrigo Vera 
650 0 0 |a Sociología de la educación   |9 260380 
650 0 0 |a Igualdad de oportunidades  |9 331873 
650 0 7 |a JUV  |9 606541ENTUD  |2 CL-VaPUC 
650 0 0 |a Problemas sociales  |9 258537 
650 0 0 |a Estado y educación   |9 311264 
942 |c BK 
945 |a cmena  |d 20011026 00:00:00 
546 |a En Francés 
518 |p Intégration de Tous les jeunes dans la Société par l'Education et la Formation, Bruxelles, 7 y 8 de mayo de 1998 
999 |c 383721  |d 383719 
952 |0 0  |1 0  |4 0  |6 306_430000000000000_INT_2000  |7 0  |8 P  |9 505957  |a BIBEDU  |b BIBEDU  |c BIBEDU_PB  |d 2020-01-23  |h v.1  |i 3696340  |o 306.43 INT 2000  |p 3696340  |r 2024-01-25  |w 2020-01-23  |y BK  |k BME 
952 |0 0  |1 0  |4 0  |6 306_430000000000000_INT_2000  |7 0  |8 P  |9 505958  |a BIBEDU  |b BIBEDU  |c BIBEDU_PB  |d 2020-01-23  |h v.2  |i 3696529  |o 306.43 INT 2000  |p 3696529  |r 2024-01-25  |w 2020-01-23  |y BK  |k BME